Weather and climate / (Record no. 10725)
[ view plain ]
| 000 -LEADER | |
|---|---|
| fixed length control field | 00755nam a22002412a 4500 |
| 001 - CONTROL NUMBER | |
| control field | 10725 |
| 003 - CONTROL NUMBER IDENTIFIER | |
| rucl marc code | BD-RjUL |
| 005 - DATE AND TIME OF LATEST TRANSACTION | |
| control field | 20211208235015.0 |
| 008 - FIXED-LENGTH DATA ELEMENTS--GENERAL INFORMATION | |
| fixed length control field | 140125s1958 nyua 000 0 eng d |
| 035 ## - SYSTEM CONTROL NUMBER | |
| System control number | OCLC ocm00537689 from D960129M |
| -- | (BD-RjUL)10774 |
| 040 ## - CATALOGING SOURCE | |
| Original cataloging agency | DLC |
| Transcribing agency | WSU |
| Modifying agency | SER |
| -- | EQO |
| -- | BD-RjUL |
| Language of cataloging | eng |
| 041 ## - LANGUAGE CODE | |
| Language code of text/sound track or separate title | eng |
| 082 00 - DEWEY DECIMAL CLASSIFICATION NUMBER | |
| Classification number | 551.5 |
| Author mark and year | KOW 1958 |
| 100 1# - MAIN ENTRY--PERSONAL NAME | |
| Personal name | Koeppe, Clarence E. |
| Fuller form of name | (Clarence Eugene), |
| Dates associated with a name | 1891- |
| 9 (RLIN) | 33178 |
| 245 10 - TITLE STATEMENT | |
| Title | Weather and climate / |
| Statement of responsibility, etc. | Clarence E. Koeppe [and] George C. De Long |
| 260 ## - PUBLICATION, DISTRIBUTION, ETC. (IMPRINT) | |
| Place of publication, distribution, etc. | New York : |
| Name of publisher, distributor, etc. | McGraw-Hill, |
| Date of publication, distribution, etc. | c1958. |
| 300 ## - PHYSICAL DESCRIPTION | |
| Pagination | 341 p. : |
| Illustrations | illus. ; |
| Size | 26 cm |
| 650 #0 - SUBJECT ADDED ENTRY--TOPICAL TERM | |
| Topical term or geographic name as entry element | Meteorology |
| 9 (RLIN) | 33179 |
| Topical term or geographic name as entry element | Climatology |
| 9 (RLIN) | 251 |
| 700 1# - ADDED ENTRY--PERSONAL NAME | |
| Personal name | De Long, George Cass, |
| Dates associated with a name | 1910- |
| 942 ## - ADDED ENTRY ELEMENTS (KOHA) | |
| Source of classification or shelving scheme | Dewey Decimal Classification |
| Koha item type | Books |
| Lost status | Source of classification or shelving scheme | Damaged status | Not for loan | Collection code | Permanent Location | Current Location | Shelving location | Date acquired | Source of acquisition | Cost, normal purchase price | Total Checkouts | Full call number | Date last seen | Copy number | Koha item type |
|---|---|---|---|---|---|---|---|---|---|---|---|---|---|---|---|
| Dewey Decimal Classification | Non-fiction | Central Library, University of Rajshahi | Central Library, University of Rajshahi | 08/01/1975 | Jonathon Wren & Co. | 535.00 | 551.5 KOW 1958 | 25/01/2014 | C-5 | Books | |||||
| Dewey Decimal Classification | Not For Loan | Central Library, University of Rajshahi | Central Library, University of Rajshahi | Reading Room | 23/11/1965 | Zeitlinger | 68.00 | 551.5 KOW 1958 | 27/01/2014 | C-1 | Books | ||||
| Dewey Decimal Classification | Non-fiction | Central Library, University of Rajshahi | Central Library, University of Rajshahi | 23/11/1965 | Zeitlinger | 68.00 | 551.5 KOW 1958 | 28/01/2016 | C-3 | Books | |||||
| Dewey Decimal Classification | Non-fiction | Central Library, University of Rajshahi | Central Library, University of Rajshahi | 28/01/2019 | 551.5 KOW 1958 | 28/01/2019 | C-2 | Books |